Vista normal
Vista MARC
Entrada Nombre personal
Número de registros utilizados en: 1
001 - NÚMERO DE CONTROL
- campo de control: 6809
003 - IDENTIFICADOR DE NÚMERO DE CONTROL
- campo de control: PE-LiUPU
005 - FECHA Y HORA DE LA ÚLTIMA TRANSACCIÓN
- campo de control: 20250903094232.0
008 - ELEMENTOS DE DATO DE LONGITUD-FIJA
- campo de control de longitud fija: 250903|| aca||aabn | a|a d
040 ## - FUENTE DE CATALOGACIÓN
- Centro catalogador/agencia de origen: PE-LiUPU
100 ## - ENCABEZAMIENTO-NOMBRE DE PERSONA
- Nombre de persona: Hungerford, Thomas W.,
- Término indicativo de función/relación: autor.